Riconosci lo Stato - Quiz n°126 - Statistics

Statistiche generali
  • Questo quiz è stato fatto 29 volte
  • Il punteggio medio è 12 su 13
Statistiche sulle risposte
Indizio Risposta % Corretto
Iniziale della Capitale D
100%
Valuta Riyal
100%
Primo ministro Khalid bin Khalifa bin Abdul Aziz Al Thani
96%
Emiro Tamim bin Hamad Al Thani
96%
Fuso Orario UTC+3
96%
ISU 0,831
92%
Superficie 11.571 km²
92%
PIL (nominale) 192 402 milioni di $
92%
Popolazione 2.350.000 ab.
92%
Indipendenza 3 settembre 1971 dal Regno Unito
92%
Tasso di crescita 4,93%
92%
Forma di Governo Monarchia costituzionale (de iure) Monarchia assoluta (de facto)
92%
Risposta Qatar
92%
Nessun quiz corrispondente trovato
Distribuzione punteggi
Percentuale di utenti per punteggio
Percentile per numero di risposta
I tuoi punteggi nel tempo
Non hai fatto questo quiz